Every Oscar-Nominated Leading Actress (with films) - Statistics

General Stats
  • This quiz has been taken 10,035 times
    848 since last reset
  • The average score is 319 of 489
Answer Stats
Year Film Actress % Correct
2026 Bugonia Emma Stone
99%
2024 Poor Things Emma Stone
99%
2017 La La Land Emma Stone
99%
2018 The Post Meryl Streep
96%
2017 Florence Foster Jenkins Meryl Streep
96%
2014 August: Osage County Meryl Streep
96%
2012 The Iron Lady Meryl Streep
96%
2010 Julie & Julia Meryl Streep
96%
2009 Doubt Meryl Streep
96%
2007 The Devil Wears Prada Meryl Streep
96%
2000 Music of the Heart Meryl Streep
96%
1999 One True Thing Meryl Streep
96%
1996 The Bridges of Madison County Meryl Streep
96%
1991 Postcards from the Edge Meryl Streep
96%
1989 A Cry in the Dark Meryl Streep
96%
1988 Ironweed Meryl Streep
96%
1986 Out of Africa Meryl Streep
96%
1984 Silkwood Meryl Streep
96%
1983 Sophie's Choice Meryl Streep
96%
1982 The French Lieutenant's Woman Meryl Streep
96%
2001 Erin Brockovich Julia Roberts
95%
1991 Pretty Woman Julia Roberts
95%
2009 The Reader Kate Winslet
95%
2007 Little Children Kate Winslet
95%
2005 Eternal Sunshine of the Spotless Mind Kate Winslet
95%
1998 Titanic Kate Winslet
95%
2019 A Star Is Born Lady Gaga
95%
2017 Jackie Natalie Portman
95%
2011 Black Swan Natalie Portman
95%
2023 Tár Cate Blanchett
94%
2016 Carol Cate Blanchett
94%
2014 Blue Jasmine Cate Blanchett
94%
2008 Elizabeth: The Golden Age Cate Blanchett
94%
1999 Elizabeth Cate Blanchett
94%
2016 Joy Jennifer Lawrence
94%
2013 Silver Linings Playbook Jennifer Lawrence
94%
2011 Winter's Bone Jennifer Lawrence
94%
2014 Gravity Sandra Bullock
94%
2010 The Blind Side Sandra Bullock
94%
2025 The Substance Demi Moore
93%
2018 I, Tonya Margot Robbie
93%
2015 Still Alice Julianne Moore
92%
2003 Far from Heaven Julianne Moore
92%
2000 The End of the Affair Julianne Moore
92%
2022 Being the Ricardos Nicole Kidman
92%
2011 Rabbit Hole Nicole Kidman
92%
2003 The Hours Nicole Kidman
92%
2002 Moulin Rouge! Nicole Kidman
92%
1996 Casino Sharon Stone
91%
2021 Nomadland Frances McDormand
90%
2018 Three Billboards Outside Ebbing, Missouri Frances McDormand
90%
1997 Fargo Frances McDormand
90%
1995 Nell Jodie Foster
90%
1992 The Silence of the Lambs Jodie Foster
90%
1989 The Accused Jodie Foster
90%
2020 Judy Renée Zellweger
90%
2003 Chicago Renée Zellweger
90%
2002 Bridget Jones's Diary Renée Zellweger
90%
2021 Ma Rainey's Black Bottom Viola Davis
90%
2012 The Help Viola Davis
90%
1968 Wait Until Dark Audrey Hepburn
89%
1962 Breakfast at Tiffany's Audrey Hepburn
89%
1960 The Nun's Story Audrey Hepburn
89%
1955 Sabrina Audrey Hepburn
89%
1954 Roman Holiday Audrey Hepburn
89%
2015 Wild Reese Witherspoon
89%
2006 Walk the Line Reese Witherspoon
89%
1963 What Ever Happened to Baby Jane? Bette Davis
88%
1953 The Star Bette Davis
88%
1951 All About Eve Bette Davis
88%
1945 Mr. Skeffington Bette Davis
88%
1943 Now, Voyager Bette Davis
88%
1942 The Little Foxes Bette Davis
88%
1941 The Letter Bette Davis
88%
1940 Dark Victory Bette Davis
88%
1939 Jezebel Bette Davis
88%
1936 Dangerous Bette Davis
88%
1935 Of Human Bondage Bette Davis
88%
1992 Thelma & Louise Geena Davis
88%
2002 Monster's Ball Halle Berry
88%
1982 On Golden Pond Katharine Hepburn
88%
1969 The Lion in Winter Katharine Hepburn
88%
1968 Guess Who's Coming to Dinner Katharine Hepburn
88%
1963 Long Day's Journey into Night Katharine Hepburn
88%
1960 Suddenly, Last Summer Katharine Hepburn
88%
1957 The Rainmaker Katharine Hepburn
88%
1956 Summertime Katharine Hepburn
88%
1952 The African Queen Katharine Hepburn
88%
1943 Woman of the Year Katharine Hepburn
88%
1941 The Philadelphia Story Katharine Hepburn
88%
1936 Alice Adams Katharine Hepburn
88%
1934 Morning Glory Katharine Hepburn
88%
2023 Everything Everywhere All at Once Michelle Yeoh
88%
2020 Marriage Story Scarlett Johansson
88%
2020 Bombshell Charlize Theron
87%
2006 North Country Charlize Theron
87%
2004 Monster Charlize Theron
87%
2005 Million Dollar Baby Hilary Swank
87%
2000 Boys Don't Cry Hilary Swank
87%
2006 Pride & Prejudice Keira Knightley
87%
2022 The Lost Daughter Olivia Colman
87%
2019 The Favourite Olivia Colman
87%
2008 Juno Elliot Page
86%
1981 Ordinary People Mary Tyler Moore
86%
1964 This Sporting Life Rachel Roberts
86%
2020 Little Women Saoirse Ronan
86%
2018 Lady Bird Saoirse Ronan
86%
2016 Brooklyn Saoirse Ronan
86%
1999 Shakespeare in Love Gwyneth Paltrow
85%
2010 The Last Station Helen Mirren
85%
2007 The Queen Helen Mirren
85%
2022 The Eyes of Tammy Faye Jessica Chastain
85%
2013 Zero Dark Thirty Jessica Chastain
85%
1985 A Passage to India Judy Davis
85%
2014 American Hustle Amy Adams
84%
1935 One Night of Love Grace Moore
84%
1983 Victor/Victoria Julie Andrews
84%
1966 The Sound of Music Julie Andrews
84%
1965 Mary Poppins Julie Andrews
84%
1991 Misery Kathy Bates
84%
2016 Room Brie Larson
83%
1988 Moonstruck Cher
83%
2019 The Wife Glenn Close
83%
2012 Albert Nobbs Glenn Close
83%
1989 Dangerous Liaisons Glenn Close
83%
1988 Fatal Attraction Glenn Close
83%
2023 The Fabelmans Michelle Williams
83%
2012 My Week with Marilyn Michelle Williams
83%
2011 Blue Valentine Michelle Williams
83%
2004 Something's Gotta Give Diane Keaton
82%
1997 Marvin's Room Diane Keaton
82%
1982 Reds Diane Keaton
82%
1978 Annie Hall Diane Keaton
82%
1986 The Trip to Bountiful Geraldine Page
82%
1979 Interiors Geraldine Page
82%
1963 Sweet Bird of Youth Geraldine Page
82%
1962 Summer and Smoke Geraldine Page
82%
1998 As Good as It Gets Helen Hunt
82%
1996 Dead Man Walking Susan Sarandon
82%
1995 The Client Susan Sarandon
82%
1993 Lorenzo's Oil Susan Sarandon
82%
1992 Thelma & Louise Susan Sarandon
82%
1982 Atlantic City Susan Sarandon
82%
2025 Wicked Cynthia Erivo
81%
2020 Harriet Cynthia Erivo
81%
1996 Sense and Sensibility Emma Thompson
81%
1994 The Remains of the Day Emma Thompson
81%
1993 Howards End Emma Thompson
81%
2014 Philomena Judi Dench
81%
2007 Notes on a Scandal Judi Dench
81%
2006 Mrs Henderson Presents Judi Dench
81%
2002 Iris Judi Dench
81%
1998 Mrs Brown Judi Dench
81%
2025 Anora Mikey Madison
81%
2022 Parallel Mothers Penélope Cruz
81%
2007 Volver Penélope Cruz
81%
2003 Frida Salma Hayek
81%
1967 Who's Afraid of Virginia Woolf? Elizabeth Taylor
80%
1961 BUtterfield 8 Elizabeth Taylor
80%
1960 Suddenly, Last Summer Elizabeth Taylor
80%
1959 Cat on a Hot Tin Roof Elizabeth Taylor
80%
1958 Raintree County Elizabeth Taylor
80%
2009 Changeling Angelina Jolie
78%
1974 The Way We Were Barbra Streisand
78%
1969 Funny Girl Barbra Streisand
78%
1973 Travels with My Aunt Maggie Smith
78%
1970 The Prime of Miss Jean Brodie Maggie Smith
78%
1989 Gorillas in the Mist Sigourney Weaver
78%
1987 Aliens Sigourney Weaver
78%
2024 Nyad Annette Bening
77%
2011 The Kids Are All Right Annette Bening
77%
2005 Being Julia Annette Bening
77%
2000 American Beauty Annette Bening
77%
2015 The Theory of Everything Felicity Jones
77%
1994 The Piano Holly Hunter
77%
1988 Broadcast News Holly Hunter
77%
1987 The Morning After Jane Fonda
77%
1980 The China Syndrome Jane Fonda
77%
1979 Coming Home Jane Fonda
77%
1978 Julia Jane Fonda
77%
1972 Klute Jane Fonda
77%
1970 They Shoot Horses, Don't They? Jane Fonda
77%
2026 Hamnet Jessie Buckley
77%
2015 Two Days, One Night Marion Cotillard
77%
2008 La Vie en Rose Marion Cotillard
77%
2012 The Girl with the Dragon Tattoo Rooney Mara
77%
1952 A Streetcar Named Desire Vivien Leigh
77%
1940 Gone with the Wind Vivien Leigh
77%
2024 Maestro Carey Mulligan
76%
2021 Promising Young Woman Carey Mulligan
76%
2010 An Education Carey Mulligan
76%
1979 Autumn Sonata Ingrid Bergman
76%
1957 Anastasia Ingrid Bergman
76%
1949 Joan of Arc Ingrid Bergman
76%
1946 The Bells of St. Mary's Ingrid Bergman
76%
1945 Gaslight Ingrid Bergman
76%
1944 For Whom the Bell Tolls Ingrid Bergman
76%
2026 Song Sung Blue Kate Hudson
76%
1973 Cabaret Liza Minnelli
76%
1970 The Sterile Cuckoo Liza Minnelli
76%
2015 Gone Girl Rosamund Pike
76%
1985 Places in the Heart Sally Field
75%
1980 Norma Rae Sally Field
75%
2002 In the Bedroom Sissy Spacek
75%
1987 Crimes of the Heart Sissy Spacek
75%
1985 The River Sissy Spacek
75%
1983 Missing Sissy Spacek
75%
1981 Coal Miner's Daughter Sissy Spacek
75%
1977 Carrie Sissy Spacek
75%
2009 Rachel Getting Married Anne Hathaway
74%
1956 Love is a Many-Splendored Thing Jennifer Jones
74%
1947 Duel in the Sun Jennifer Jones
74%
1946 Love Letters Jennifer Jones
74%
1944 The Song of Bernadette Jennifer Jones
74%
1995 Little Women Winona Ryder
74%
2001 Requiem for a Dream Ellen Burstyn
73%
1981 Resurrection Ellen Burstyn
73%
1979 Same Time, Next Year Ellen Burstyn
73%
1975 Alice Doesn't Live Here Anymore Ellen Burstyn
73%
1974 The Exorcist Ellen Burstyn
73%
1977 Network Faye Dunaway
73%
1975 Chinatown Faye Dunaway
73%
1968 Bonnie and Clyde Faye Dunaway
73%
2022 Spencer Kristen Stewart
73%
1986 The Color Purple Whoopi Goldberg
73%
2023 Blonde Ana de Armas
72%
1955 A Star Is Born Judy Garland
72%
2013 The Impossible Naomi Watts
72%
2004 21 Grams Naomi Watts
72%
1984 Terms of Endearment Shirley MacLaine
72%
1978 The Turning Point Shirley MacLaine
72%
1964 Irma la Douce Shirley MacLaine
72%
1961 The Apartment Shirley MacLaine
72%
1959 Some Came Running Shirley MacLaine
72%
1955 The Country Girl Grace Kelly
70%
2001 Chocolat Juliette Binoche
70%
1995 Blue Sky Jessica Lange
69%
1990 Music Box Jessica Lange
69%
1986 Sweet Dreams Jessica Lange
69%
1985 Country Jessica Lange
69%
1983 Frances Jessica Lange
69%
1990 Driving Miss Daisy Jessica Tandy
67%
1993 Love Field Michelle Pfeiffer
67%
1990 The Fabulous Baker Boys Michelle Pfeiffer
67%
1957 The Bad Seed Nancy Kelly
66%
1965 Marriage Italian Style Sophia Loren
66%
1962 Two Women Sophia Loren
66%
1994 What's Love Got to Do with It Angela Bassett
65%
1999 Hilary and Jackie Emily Watson
65%
1997 Breaking the Waves Emily Watson
65%
1953 Sudden Fear Joan Crawford
65%
1948 Possessed Joan Crawford
65%
1946 Mildred Pierce Joan Crawford
65%
2024 Killers of the Flower Moon Lily Gladstone
65%
2018 The Shape of Water Sally Hawkins
65%
2021 The United States vs. Billie Holiday Andra Day
64%
1986 Agnes of God Anne Bancroft
64%
1978 The Turning Point Anne Bancroft
64%
1968 The Graduate Anne Bancroft
64%
1965 The Pumpkin Eater Anne Bancroft
64%
1963 The Miracle Worker Anne Bancroft
64%
1976 One Flew Over the Cuckoo's Nest Louise Fletcher
64%
1976 Hedda Glenda Jackson
63%
1974 A Touch of Class Glenda Jackson
63%
1972 Sunday Bloody Sunday Glenda Jackson
63%
1971 Women in Love Glenda Jackson
63%
2026 If I Had Legs I'd Kick You Rose Byrne
63%
2008 Away from Her Julie Christie
62%
1998 Afterglow Julie Christie
62%
1972 McCabe & Mrs. Miller Julie Christie
62%
1966 Darling Julie Christie
62%
2019 Can You Ever Forgive Me? Melissa McCarthy
62%
1964 Love with the Proper Stranger Natalie Wood
62%
1962 Splendor in the Grass Natalie Wood
62%
1960 Pillow Talk Doris Day
61%
1997 The English Patient Kristin Scott Thomas
61%
1950 The Heiress Olivia de Havilland
61%
1949 The Snake Pit Olivia de Havilland
61%
1947 To Each His Own Olivia de Havilland
61%
1942 Hold Back the Dawn Olivia de Havilland
61%
1981 Private Benjamin Goldie Hawn
60%
1940 Ninotchka Greta Garbo
60%
1938 Camille Greta Garbo
60%
1931 Anna Christie Greta Garbo
60%
1931 Romance Greta Garbo
60%
1989 Working Girl Melanie Griffith
60%
1992 For the Boys Bette Midler
59%
1980 The Rose Bette Midler
59%
2003 Unfaithful Diane Lane
59%
1992 Rambling Rose Laura Dern
59%
2024 Anatomy of a Fall Sandra Hüller
59%
1998 The Wings of the Dove Helena Bonham Carter
58%
1958 Peyton Place Lana Turner
58%
1930 The Divine Lady Corinne Griffith
57%
1994 Shadowlands Debra Winger
57%
1984 Terms of Endearment Debra Winger
57%
1983 An Officer and a Gentleman Debra Winger
57%
1951 Sunset Boulevard Gloria Swanson
57%
1931 The Trespasser Gloria Swanson
57%
1929 Sadie Thompson Gloria Swanson
57%
1987 Peggy Sue Got Married Kathleen Turner
57%
1961 The Sundowners Deborah Kerr
56%
1959 Separate Tables Deborah Kerr
56%
1958 Heaven Knows, Mr. Allison Deborah Kerr
56%
1957 The King and I Deborah Kerr
56%
1954 From Here to Eternity Deborah Kerr
56%
1950 Edward, My Son Deborah Kerr
56%
1991 Mr. & Mrs. Bridge Joanne Woodward
56%
1974 Summer Wishes, Winter Dreams Joanne Woodward
56%
1969 Rachel, Rachel Joanne Woodward
56%
1958 The Three Faces of Eve Joanne Woodward
56%
1987 Children of a Lesser God Marlee Matlin
56%
1985 The Bostonians Vanessa Redgrave
56%
1972 Mary, Queen of Scots Vanessa Redgrave
56%
1969 Isadora Vanessa Redgrave
56%
1967 Morgan! Vanessa Redgrave
56%
2025 Emilia Pérez Karla Sofía Gascón
55%
2008 The Savages Laura Linney
55%
2001 You Can Count on Me Laura Linney
55%
1967 Georgy Girl Lynn Redgrave
55%
1991 The Grifters Anjelica Huston
54%
1945 Since You Went Away Claudette Colbert
54%
1936 Private Worlds Claudette Colbert
54%
1935 It Happened One Night Claudette Colbert
54%
1941 Kitty Foyle Ginger Rogers
54%
1949 Sorry, Wrong Number Barbara Stanwyck
53%
1945 Double Indemnity Barbara Stanwyck
53%
1942 Ball of Fire Barbara Stanwyck
53%
1938 Stella Dallas Barbara Stanwyck
53%
2006 Transamerica Felicity Huffman
53%
2025 I'm Still Here Fernanda Torres
53%
2010 Precious Gabourey Sidibe
53%
2005 Vera Drake Imelda Staunton
53%
1944 The Constant Nymph Joan Fontaine
53%
1942 Suspicion Joan Fontaine
53%
1941 Rebecca Joan Fontaine
53%
1996 Leaving Las Vegas Elisabeth Shue
52%
1961 Sunrise at Campobello Greer Garson
52%
1946 The Valley of Decision Greer Garson
52%
1945 Mrs. Parkington Greer Garson
52%
1944 Madame Curie Greer Garson
52%
1943 Mrs. Miniver Greer Garson
52%
1942 Blossoms in the Dust Greer Garson
52%
1940 Goodbye, Mr. Chips Greer Garson
52%
2017 Elle Isabelle Huppert
52%
1933 The Guardsman Lynn Fontaine
52%
1973 Lady Sings the Blues Diana Ross
51%
1977 Rocky Talia Shire
51%
2021 Pieces of a Woman Vanessa Kirby
51%
2023 To Leslie Andrea Riseborough
50%
1984 Educating Rita Julie Walters
50%
1930 Coquette Mary Pickford
50%
1939 Marie Antoinette Norma Shearer
50%
1937 Romeo and Juliet Norma Shearer
50%
1935 The Barretts of Wimpole Street Norma Shearer
50%
1932 A Free Soul Norma Shearer
50%
1931 The Divorcee Norma Shearer
50%
1931 Their Own Desire Norma Shearer
50%
2013 Beasts of the Southern Wild Quvenzhané Wallis
50%
2016 45 Years Charlotte Rampling
49%
1938 A Star Is Born Janet Gaynor
49%
1929 7th Heaven Janet Gaynor
49%
1929 Street Angel Janet Gaynor
49%
1929 Sunrise: A Song of Two Humans Janet Gaynor
49%
1969 The Subject Was Roses Patricia Neal
49%
1964 Hud Patricia Neal
49%
1959 I Want to Live! Susan Hayward
49%
1956 I'll Cry Tomorrow Susan Hayward
49%
1953 With a Song in My Heart Susan Hayward
49%
1950 My Foolish Heart Susan Hayward
49%
1948 Smash-Up, the Story of a Woman Susan Hayward
49%
1954 Mogambo Ava Gardner
48%
1947 Brief Encounter Celia Johnson
48%
1955 Magnificent Obsession Jane Wyman
48%
1952 The Blue Veil Jane Wyman
48%
1949 Johnny Belinda Jane Wyman
48%
1947 The Yearling Jane Wyman
48%
1950 Come to the Stable Loretta Young
48%
1948 The Farmer's Daughter Loretta Young
48%
2009 Frozen River Melissa Leo
48%
2017 Loving Ruth Negga
48%
1981 Gloria Gena Rowlands
47%
1975 A Woman Under the Influence Gena Rowlands
47%
1951 Born Yesterday Judy Holliday
47%
1938 The Good Earth Luise Rainer
47%
1937 The Great Ziegfeld Luise Rainer
47%
1932 Morocco Marlene Dietrich
47%
1966 Ship of Fools Simone Signoret
47%
1960 Room at the Top Simone Signoret
47%
1965 The Unsinkable Molly Brown Debbie Reynolds
46%
1995 Tom & Viv Miranda Richardson
46%
1958 Wild Is the Wind Anna Magnani
45%
1956 The Rose Tattoo Anna Magnani
45%
1997 Secrets & Lies Brenda Blethyn
45%
1993 Indochine Catherine Deneuve
45%
2013 Amour Emmanuelle Riva
45%
1999 Central Station Fernanda Montenegro
45%
1933 The Sin of Madelon Claudet Helen Hayes
45%
2001 The Contender Joan Allen
45%
2004 Whale Rider Keisha Castle-Hughes
44%
1959 Auntie Mame Rosalind Russell
44%
1948 Mourning Becomes Electra Rosalind Russell
44%
1947 Sister Kenny Rosalind Russell
44%
1943 My Sister Eileen Rosalind Russell
44%
1990 Shirley Valentine Pauline Collins
43%
2026 Sentimental Value Renate Reinsve
43%
1952 A Place in the Sun Shelley Winters
43%
1971 Love Story Ali MacGraw
42%
1951 All About Eve Anne Baxter
42%
1990 Camille Claudel Isabelle Adjani
42%
1976 The Story of Adele H. Isabelle Adjani
42%
2004 In America Samantha Morton
42%
2019 Roma Yalitza Aparicio
42%
2005 Maria Full of Grace Catalina Sandino Moreno
41%
1933 Emma Marie Dressler
41%
1932 Min and Bill Marie Dressler
41%
1982 Only When I Laugh Marsha Mason
41%
1980 Chapter Two Marsha Mason
41%
1978 The Goodbye Girl Marsha Mason
41%
1974 Cinderella Liberty Marsha Mason
41%
1949 I Remember Mama Irene Dunne
40%
1940 Love Affair Irene Dunne
40%
1938 The Awful Truth Irene Dunne
40%
1937 Theodora Goes Wild Irene Dunne
40%
1932 Cimarron Irene Dunne
40%
1953 Come Back, Little Sheba Shirley Booth
40%
1994 Six Degrees of Separation Stockard Channing
39%
1976 Tommy Ann-Margret
38%
1937 My Man Godfrey Carole Lombard
37%
1955 Carmen Jones Dorothy Dandridge
37%
1956 Interrupted Melody Eleanor Parker
37%
1952 Detective Story Eleanor Parker
37%
1951 Caged Eleanor Parker
37%
2000 Tumbleweeds Janet McTeer
37%
1953 The Member of the Wedding Julie Harris
37%
1964 The L-Shaped Room Leslie Caron
36%
1954 Lili Leslie Caron
36%
1977 Face to Face Liv Ullmann
36%
1973 The Emigrants Liv Ullmann
36%
1941 Our Town Martha Scott
36%
1962 The Hustler Piper Laurie
36%
1943 The Pride of the Yankees Teresa Wright
36%
1980 Starting Over Jill Clayburgh
35%
1979 An Unmarried Woman Jill Clayburgh
35%
1984 Testament Jane Alexander
34%
1971 The Great White Hope Jane Alexander
34%
1971 Ryan's Daughter Sarah Miles
34%
1939 Pygmalion Wendy Hiller
34%
1957 Baby Doll Carroll Baker
33%
1993 Passion Fish Mary McDonnell
33%
1973 Sounder Cicely Tyson
32%
1967 A Man and a Woman Anouk Aimée
31%
1963 Days of Wine and Roses Lee Remick
31%
1929 A Ship Comes In Louise Dresser
31%
1975 Claudine Diahann Carroll
30%
1970 Anne of the Thousand Days Geneviève Bujold
30%
1930 The Broadway Melody Bessie Love
29%
1976 Hester Street Carol Kane
29%
1944 The More the Merrier Jean Arthur
29%
1931 The Devil's Holiday Nancy Carroll
29%
1946 Leave Her to Heaven Gene Tierney
28%
1936 The Dark Angel Merle Oberon
28%
1975 Lenny Valerie Perrine
28%
1968 The Whisperers Edith Evans
27%
1970 The Happy Ending Jean Simmons
27%
1988 Anna Sally Kirkland
27%
1948 Gentleman's Agreement Dorothy McGuire
26%
1971 Diary of a Mad Housewife Carrie Snodgress
25%
1939 White Banners Fay Bainter
25%
1936 Becky Sharp Miriam Hopkins
25%
1937 Valiant Is the Word for Carrie Gladys George
24%
1950 Pinky Jeanne Crain
24%
1977 Cousin Cousine Marie-Christine Barrault
24%
1931 Sarah and Son Ruth Chatterton
24%
1930 Madame X Ruth Chatterton
24%
1966 The Collector Samantha Eggar
24%
1972 Nicholas and Alexandra Janet Suzman
23%
1954 The Moon Is Blue Maggie McNamara
23%
1934 Lady for a Day May Robson
23%
1961 Never on Sunday Melina Mercouri
23%
1934 Cavalcade Diana Wynyard
22%
1930 The Letter Jeanne Eagels
21%
1939 Three Comrades Margaret Sullivan
21%
1932 Holiday Ann Harding
20%
1930 The Barker Betty Compson
20%
1966 A Patch of Blue Elizabeth Hartman
20%
1967 The Shop on Main Street Ida Kamińska
20%
1936 Escape Me Never Elisabeth Bergner
19%
1965 Séance on a Wet Afternoon Kim Stanley
19%
No matching quizzes found
Score Distribution
Percent of People with Each Score
Percentile by Number Answered
Your Score History
You have not taken this quiz since the last reset